Origen y diversificación del maíz, una revisión analítica (Registro nro. 8177)

Detalles MARC
000 -CABECERA
Campo de control 00823nam a22002297a 4500
005 - FECHA Y HORA DE LA ULTIMA TRANSACCION
Campo de control 20140227160041.0
008 - ELEMENTOS DE LONGITUD FIJA—INFORMACION GENERAL
Campo de control 140227b2009 mx ||||| |||| 00| 0 spa d
020 ## - ISBN
ISBN 9786070206849
041 ## - IDIOMA
Código de idioma para texto/pista de sonido o título separado Español
044 ## - PAÍS DE PUBLICACIÓN
País de publicación México
082 ## - NUMERO DE CLASIFICACION DECIMAL DEWEY
Número de clasificación 633.72
Número del ítem K19o
100 1# - ASIENTO PRINCIPAL--NOMBRE PERSONAL
Nombre personal Kato-Yamakake, Takeo Ángel
245 10 - MENCION DE TITULO
Título Origen y diversificación del maíz, una revisión analítica
260 ## - PUBLICACION, DISTRIBUCION, ETC. (PIE DE IMPRENTA)
Lugar de publicación, distribución, etc. México
Nombre del editor, distribuidor, etc. Universidad Nacional Autónoma de México. Instituto de Biología
-- CONABIO
Fecha de publicación, distribución, etc. 2009
300 ## - DESCRIPCION FISICA
Extensión 116 p.
Otros detalles físicos il. (col), tablas
Dimensiones 28 cm.
505 ## - NOTA DE CONTENIDO
Nota de contenido Incluye revisión de la literatura en referencias bibliográficas (pag. 100-115)
650 #6 - ASIENTO SECUNDARIO DE MATERIA - TERMINO TEMATICO
Término temático o nombre geográfico como elemento de entrada Maíz
Subdivisión general Historia
650 #6 - ASIENTO SECUNDARIO DE MATERIA - TERMINO TEMATICO
Término temático o nombre geográfico como elemento de entrada Maíz
Subdivisión general Clasificación
700 1# - ASIENTO SECUNDARIO - NOMBRE PERSONAL
Nombre personal Mapes-Sanchez, Cristina
700 1# - ASIENTO SECUNDARIO - NOMBRE PERSONAL
Nombre personal Mera-Obando, Luz Marina
942 ## - ELEMENTOS ADICIONALES (KOHA)
Sistema de clasificación Dewey Decimal Classification
Tipo de ítem Impreso
Existencias
Withdrawn status Lost status Sistema de Clasificación Damaged status No para préstamo Colección Inventariado Ubicación Permanente Ubicación actual Fecha de adquisición Fuente de Valor Valor Total Checkouts Número topográfico Inventario / Código de Barras Date last seen Ejemplar Price effective from Forma de adquisición Tipo de material
    Dewey Decimal Classification     General Inventariado 2017 Sala Fabio Quevedo Sala Fabio Quevedo 27/02/2014 Instituto 39000.00   LB-633.72 K19o 028655 27/02/2014 Ej. 1 27/02/2014 Canje Libro